• 首页
  • 本馆介绍
  • 公告通知
  • 最新文献
  • 馆藏检索
  • 电子资源
  • 读者导购
  • 参考咨询
  • 我的图书馆
  • 登录
  • 详细信息显示
  • 放入我的书架
  • 预约/预借图书
  • 作者相关作品
  • 分类相关作品
  • 丛书相关作品
  • 出版社相关作品

书目信息

  • 表格格式
  • 工作单格式
  • 卡片格式
题名:
经济全球化
    
 
作者: 刘力 著
分册:  
出版信息: 北京   中国社会出版社  1999.07
页数: 297页
开本: 32开
丛书名: 经济全球化丛书
单 册:
中图分类: F114.41
科图分类:
主题词: 经济--世界 , 国际经济关系
电子资源:
ISBN: 7-80146-239-4
000 00702nam0 2200241 45
001 0011030961
005 20031219104047.2
010    @a7-80146-239-4@dCNY17.80
100    @a20001103d1999 km y0chiy0120 ea
101 0  @achi
105    @a z 000yy
200 1  @a经济全球化@e中国的出路何在@EZhong Guo De Chu Lu He Zai@f刘力著@FLiu Li Zhu
210    @a北京@c中国社会出版社@d1999.07
215    @a297页@d32开
225    @a经济全球化丛书
410    @12001 @a经济全球化丛书
517    @a中国的出路何在@AZhong Guo De Chu Lu He Zai
606 0  @a经济@y世界
606 0  @a国际经济关系
690    @aF114.41@v3
701  0 @a刘力@4著
801    @aCN@bTSTC@c20001103
905    @dF114.41@e66:3@b292748-750@f3
    
    经济全球化:中国的出路何在/刘力著.-北京:中国社会出版社,1999.07
    297页;32开.-(经济全球化丛书)
    
    
    ISBN 7-80146-239-4:CNY17.80
    
●
相关链接 在E读中查询图书 在五车中查询图书 在当当中查询图书 在豆瓣中查询图书


正题名:经济全球化     索取号:F114.41/66:3         预约/预借

序号 登录号 条形码 馆藏地/架位号 状态 备注
1 0292748   002927480   密集书库/ [索取号:F114.41/66:3] 在馆    
2 0292749   002927499   第一借阅区/ [索取号:F114.41/66:3] 在馆    
3 0292750   002927505   第一样本阅览室/ [索取号:F114.41/66:3] 在馆    
4 0300587   203005871   密集书库/ [索取号:F114.41/66:3] 在馆    
5 0300588   203005880   密集书库/ [索取号:F114.41/66:3] 在馆    
6 0300589   203005899   密集书库/ [索取号:F114.41/66:3] 在馆    
7 0300590   203005906   第一借阅区/ [索取号:F114.41/66:3] 在馆    
8 0300591   203005915   密集书库/ [索取号:F114.41/66:3] 在馆    
唐山师范学院图书馆 欢迎您!
大连网信软件有限公司© 版权所有